[Event "Tata Steel-A 80th"]
[Site "Wijk aan Zee"]
[Date "2018.01.17"]
[Round "5"]
[White "Svidler, Peter"]
[Black "Hou, Yifan"]
[Result "1-0"]
[WhiteElo "2768"]
[BlackElo "2680"]
[Annotator "Krasenkow,M"]
[PlyCount "81"]
[EventDate "2018.01.13"]
[EventType "tourn"]
[EventRounds "13"]
[EventCountry "NED"]
[EventCategory "20"]
[SourceTitle "CBM 183"]
[Source "ChessBase"]
[SourceDate "2018.03.14"]
[SourceVersion "1"]
[SourceVersionDate "2018.03.14"]
[SourceQuality "1"]

1. c4 e6 2. Nc3 d5 3. d4 Bb4 4. Nf3 Nf6 5. cxd5 exd5 6. Bf4 {A possible but
not very ambitious line.} O-O 7. Rc1 c6 (7... Bf5 {- Svidler-Giri in CBM 167.})
8. e3 Bd6 (8... Bf5 $5 9. Qb3 $5 (9. Be2 Bd6 10. Bxd6 Qxd6 11. O-O Nbd7 12. a3
Ne4 13. Na4 Qe7 14. Qb3 Nd6 $11 {1-0 (39) Melkumyan,H (2622)-Bluebaum,M (2588)
Berlin 2015}) 9... Qb6 10. Nh4 (10. Be2 Be7 11. Nd2 Nbd7 12. h3 Bg6 13. O-O a5
14. Qxb6 Nxb6 15. Bc7 Nfd7 16. Rfe1 Rfc8 17. Bg3 Re8 $11 {1/2 (55) Sunilduth
Lyna,N (2524)-Dubov,D (2661) Moscow 2017}) 10... Be6 11. Bd3 c5 (11... Nh5 $5)
12. dxc5 Bxc5 13. Qxb6 axb6 14. a3 Nh5 15. Bg3 Nc6 16. Nf3 Nxg3 17. hxg3 h6 18.
Nb5 Be7 19. O-O Bf6 $11 {1/2 (41) Cuenca Jimenez,J (2489)-Peralta,F (2559)
Caleta 2018}) (8... Qa5 9. Nd2 (9. Bd3 $5) 9... Bg4 10. Qc2 c5 11. dxc5 Qxc5
12. Nb3 Qe7 13. Bd3 Rc8 14. O-O Bxc3 15. bxc3 Nc6 16. Qb2 Ne5 17. Bxe5 Qxe5 18.
Nd4 b6 19. c4 Bd7 20. h3 Ne4 $11 {1/2 (30) Sunilduth Lyna,N (2526)-Laxman,R 
(2403) Sharjah 2017}) 9. Bxd6 (9. Bg3 Bf5 10. Bd3 Bxd3 11. Qxd3 Re8 12. Nd2 Na6
13. a3 Nc7 14. Na4 Ne6 15. b4 Qe7 16. Nc5 Rad8 17. Nf3 Ne4 $11 {1-0 (51)
Mamedyarov,S (2804)-Lenderman,A (2611) chess.com INT 2018}) 9... Qxd6 10. Qc2
Re8 (10... Bg4 $5 {in order to exchange the bishop or transfer it to g6.}) 11.
Bd3 Nbd7 12. O-O Nf8 13. h3 {Preventing ...Bg4 for good.} g6 (13... Ng6 $5) 14.
Ne5 {[%mdl 32] White prepares a kingside attack with f2-f4-f5. Black's g6-pawn
will be a useful hook for him.} Nh5 {Preparing ...f7-f6 and thus preventing 15.
f4.} (14... Be6 15. f4) (14... Ne6 15. f4 Ng7 16. g4) 15. Rfe1 Re7 16. Qa4 Nd7
17. Nf3 (17. f4 {was now possible, e.g.} f6 18. Nf3 Nb6 19. Qc2 {However,
White changes his plan and starts a classic minority attack.}) 17... Ndf6 $6 {
A strange decision. Black's h5 knight will now be stuck on the kingside, and
White's assault will go without obstacles.} ({If} 17... Nhf6 {then} 18. b4 {
, too.}) (17... Nb6 {doesn't help much:} 18. Qa5 {and then b2-b4. If} Ng7 $6 {
then} 19. e4 $1 {is very strong.}) (17... a5 $1 {preventing b2-b4, is correct.
The initiative belongs to White but it is not easy for him to break down
Black's defences. If} 18. e4 {then} Nf4 19. e5 Qb4) 18. b4 a6 {A senseless
move, not preventing b4-b5.} (18... Bd7 $142 19. b5 Ne4) 19. b5 cxb5 20. Nxb5
Bd7 $2 {A tactical blunder. However, White doesn't exploit it.} (20... Qd8 21.
Nc3 $16 {[%csl Rh5]}) 21. Nxd6 Bxa4 22. Rb1 $2 (22. Nc8 {[%cal Rc8e7,Rc8b6]}
Re6 23. Ng5 Re8 24. Nb6 $18) 22... b5 23. Ne5 (23. Rec1 $142 Re6 24. Nc8) 23...
Nd7 24. Rec1 Nxe5 25. dxe5 Rxe5 26. Rc7 Rf8 (26... f5 $5) 27. Rc6 (27. Ra7 {
was more logical.}) 27... Ra8 28. Rc7 Rf8 29. Rc6 Ra8 30. Rbc1 d4 (30... Re6 $5
) 31. g4 Nf6 32. e4 (32. exd4 Re6 33. g5 $14) 32... Re6 33. f4 b4 34. Rc8+ Rxc8
35. Rxc8+ Kg7 36. e5 Nd5 (36... Ne8 $5 37. Ne4 Rc6 $1 38. Rd8 Rc1+ 39. Kf2 a5
$14) 37. Bc4 Nxf4 38. Rc7 ({White can hardly win after} 38. Bxe6 Nxe6) 38... d3
$4 {[%mdl 8192] A terrible blunder when the rescue was very close.} (38...
Nxh3+ 39. Kh2 Rxe5 $1 40. Rxf7+ (40. Nxf7 Re3 $1 41. Ng5+ Kf6 42. Nxh3 Rc3 $132
) 40... Kh6 41. Kxh3 d3 42. Rf2 Re3+ 43. Kg2 Kg5 {with sufficient counterplay.}
) 39. Rxf7+ Kh6 40. Rxf4 d2 41. Rd4 1-0

[Event "Tata Steel-A 80th"]
[Site "Wijk aan Zee"]
[Date "2018.01.19"]
[Round "6"]
[White "Adhiban, Baskaran"]
[Black "Mamedyarov, Shakhriyar"]
[Result "0-1"]
[WhiteElo "2655"]
[BlackElo "2804"]
[Annotator "Marin,M"]
[PlyCount "172"]
[EventDate "2018.01.13"]
[EventType "tourn"]
[EventRounds "13"]
[EventCountry "NED"]
[EventCategory "20"]
[SourceTitle "CBM 183"]
[Source "ChessBase"]
[SourceDate "2018.03.14"]
[SourceVersion "1"]
[SourceVersionDate "2018.03.14"]
[SourceQuality "1"]

1. c4 c5 2. Nf3 Nc6 3. d4 cxd4 4. Nxd4 Nf6 5. Nc3 e6 6. a3 Bc5 7. Be3 $5 {
Almost a novelty at a very early stage.} ({The main line goes} 7. Nb3 {and the
latest annotated games are:} Bb6 8. Bf4 d5 9. c5 (9. e3 O-O 10. Be2 {Yilmaz,M 
(2594)-Vidit,S (2648) Dubai 2016 CBM 172 [Vidit,S] (0-1, 65)}) 9... Bc7 10.
Bxc7 Qxc7 11. Nb5 Qb8 12. Nd6+ Ke7 {Rapport,R (2731)-Navara,D (2744) Prague
2016 CBM 173 [Schulz,A] (½-½, 35)}) 7... Nxd4 $146 ({The only previous game
went} 7... Be7 8. Ndb5 $6 ({Embarking on active operations with the bishop
blocking the development of its colleague is unsound.} 8. Bf4 O-O 9. e3 {
is more normal.}) 8... O-O $1 ({The solid} 8... d6 $11 {is enoguh for equality
for if} 9. Bf4 $2 e5 10. Be3 a6 11. Nd5 Nxd5 12. cxd5 axb5 13. dxc6 bxc6 $17)
9. f3 ({Another weird move. White is dreaming of Bf2, e2-e4 and so on but in
chess we move in turns.} 9. Bf4 $5 {or}) (9. Nd6 $5 {offer better chances to
survive the opening.}) 9... d5 10. cxd5 Nxd5 11. Nxd5 exd5 12. Nd4 Bf6 $17 {
Soskic,B (2205)-Vratonjic,S (2467) Belgrade 2006 (0-1, 23) with an
overwhelming advance in development.}) 8. Bxd4 b6 {The most logical move, but
as it turns out later, played with a risky plan in mind.} (8... Be7 9. e4 d6 {
is a safer way of reaching the same kind of middlegame position.}) 9. e4 Bb7
10. b4 Be7 $6 {Extremely provocative.} (10... Bxd4 11. Qxd4 d5 {offers chances
for gradually equalisng, but as the ulterior course of the game shows, this
was not Mamedyarov's intention.} 12. cxd5 O-O 13. Rd1 exd5 14. e5 Ne4 15. Nxd5
Bxd5 16. Qxd5 Qxd5 17. Rxd5 Rfc8 18. Be2 a5 {and Black should reach a draw.})
11. Bd3 {Quite a respectful move, characteristic of White's play all through
the game.} ({Things would not have beeb entirely clear after} 11. e5 Ne4 12.
Qg4 Nxc3 13. Qxg7 Rf8 14. Bxc3 Qc7 15. Be2 O-O-O 16. Rg1 Kb8 17. O-O-O {
but in principle Black's compensation for the lost pawn is not obvious.}) 11...
d6 12. O-O O-O 13. Qe2 Nd7 14. Rfd1 {An open declaration that all White wants
to do is sit and wait.} ({The active minor piece placement seems to more or
less require a different approach:} 14. Rad1 Rc8 15. f4 {but then Black can
fight back with} e5 16. fxe5 Nxe5 17. Nd5 Bg5 {retaining a solid position on
the dark squares.}) 14... Rc8 15. Rac1 Qc7 16. Nb5 Qb8 {Black has more or less
completed his development and has no problems. Actually, there is only one
practical problem: how to generate winning chances against a very peaceful
opponent?} 17. Qg4 Nf6 ({Had Black aimed for just comfortable play he might
have chosen} 17... Bf6 18. Bxf6 Nxf6 19. Qg3 Rfd8 20. f3 a6 21. Nd4 h6 $11 {
But Mamedyarov's decision to keep the bishop will prove justified in the end,
when this piece will be stronger than a rook! True, there will be some far
from one-sided adventures on the way...}) 18. Qe2 Nd7 19. Qg4 Ne5 {From the
perspective of previous comments, this is the only reasonable move.} 20. Qg3
Ng6 21. f3 Rfd8 22. Bf1 Bh4 {Black cannot generate a coherent active plan yet,
as White is solid in the centre. The best he can do is organise small
diversions, aimed at provoking White into weakening his structure or else
losing coordination.} 23. Qg4 h6 {The obvious threat is ...Bg5, but as the
line from the next comment shows, this is about more than just improving the
piece placement slightly.} 24. Be3 ({The innocent} 24. Kh1 $2 {would be an
almost decisive mistake as after} Bg5 {White's queen would land in completely
unexpected trouble:} 25. Rb1 (25. Rc2 $2 {is even worse as after} e5 26. Bg1
Bc6 {the threat ...Bxb5 winning a piece gains an important tempo:} 27. Rb2 Bd7
28. Qg3 Bh4 $19) 25... a6 26. Nc3 Bc6 {Even so there is no simple escape for
the queen (I will not examine the desperate h2-h4 or f3-f4 which just lose a
pawn without compensation.)} ({Actually} 26... b5 {is not bad either.}) 27. Qg3
e5 28. Bg1 Bh4 29. Qg4 (29. Qh3 Bd7 30. g4 b5 $17) 29... Bd7 30. Qh5 Bg5 31.
Nd5 Be6 32. g3 Nf4 33. gxf4 g6 34. Ne7+ Kg7 $17 {Black wins the queen for
insufficient compensation.}) 24... Bf6 25. Nd4 Re8 {Taking measures against a
possible Nx6.} 26. Nb5 {The second invitaion to a repetition in this game.}
Rcd8 27. a4 {Finally an active white move, which does not seem to offer
chances for a pawn attack though.} Bc6 {Mamedyarov seems to have been focused
on harassing his opponent by means of piece pressure, without the pawns'
involvement.} (27... d5 $5 {would have led to unclear play:} 28. c5 dxe4 29.
fxe4 Rxd1 ({This looks better than} 29... bxc5 30. Bxc5 Be5 31. Bxa7 Bxh2+ 32.
Kh1 {when White's passed pawns are more dangerous than Black's immobile
kingside majority.}) 30. Rxd1 Bc6 31. Nd6 Rd8 32. b5 bxc5 33. Bxc5 Ne5 34. Qg3
Ba8 35. a5 h5 {White's position looks more active but he also faces the risk
of being over-extended. At the same time Black's king is safer, so all in all
chances may be about equal.}) ({I would have probably preferred} 27... a6 28.
Nc3 Ba8 {waiting for a good moment to play ...a6-a5.}) 28. Qg3 Bh4 29. Qg4 Re7
{The start of a somewhat unnatural regrouping.} (29... Bf6 $11) 30. Bd3 Bf6 31.
f4 {Hard to say whether this was intended as an attacking move (this does not
fit into the general picture) or just a sign that White had enough with his
queen feeling uncomfortable in the narrow kingside space. But objectively the
move is justified as the f6-bishop is almost immobile now.} Qa8 {Still
refraining from pawn moves.} (31... a6 32. Nc3 Bxc3 33. Rxc3 ({The principled
continuation as} 33. b5 {avoids the pawn loss but weakens the drk squares.})
33... Bxa4 34. Rf1 b5 35. c5 (35. e5 dxe5 36. Bxg6 fxg6 37. c5 {looks more
like a way to try forcing a draw.}) 35... dxc5 36. Bxc5 {with reasonable
compensation for the pawn.}) 32. Re1 (32. c5 {would have led to interesting
complications:} Bxe4 (32... dxc5 $2 33. e5 {wins a pece.}) 33. cxd6 Red7 (33...
Bxd3 34. dxe7 Nxe7 35. Qf3 {offers White some chances for converting the extra
exchange in the ending.}) 34. Nc7 Bf5 35. Bxf5 exf5 {with a probable draw as
the d-pawn is safely blocked. If} 36. Qxf5 $2 {then} Qxg2+ $1 37. Kxg2 Nh4+ 38.
Kf2 Nxf5 $15) 32... Rdd7 {This may be subjective, but I feel that now Black's
overall coordination is unnatural. The bishop still does not have retreats and
the king's rook lacks quick access to the queenside.} (32... Bxe4 $2 33. Bxe4
Qxe4 34. Bxb6 $18) (32... a6 33. Nc3 (33. Nd4 Bxe4) 33... Bxc3 34. Rxc3 Bxe4
35. Bxb6 $14) ({Mamedyarov probably discarded the more natural} 32... Red7 {
becuse the d8-rook would be hanging after his planned ...a7-a5. But things are
not entirely clear after} 33. Bf2 a5 {(Obviously not forced, but Black needs
to unbalance the position somehow if he wants to play for a win.)} 34. Bxb6
axb4 35. Bxd8 ({If White ignores the offered exchange and plays as in the game
} 35. a5 {then Black's higher mobility is revealed after} b3 36. Rb1 b2 37. Qf3
Rb8 $1 {Threatening the positional exchange sacrifice ...Rxb6.} 38. Qe3 Bxb5
39. cxb5 Bc3 {with unclear complications.}) 35... Bxd8 36. Bc2 Bb6+ 37. Kh1 Bc5
{Black has reasonable compensation for the exchange due to his perfect control
on the dark squares and White's numerous weaknesses.}) 33. Bf2 a5 34. Bxb6 axb4
35. a5 b3 36. Kh1 e5 $2 {The idea of activating the knight is right, but
unfortunately the last move obstructs hia own bishop.} (36... b2 {may still
have been better, even though after} 37. Rb1 {Black should probably lose a
tempo over the previous similar line with} Re8 {folloed by ...Rb8.}) 37. f5 Nf4
38. Bb1 d5 {The logical follow up of ...e6-e5, but concretely this pwn break
is unsound.} 39. exd5 Bxb5 (39... Nxd5 {does not work either:} 40. cxd5 Bxb5
41. Qb4 Qa6 (41... Rxd5 42. Be4 $18) 42. d6 Re8 43. Rc5 $16) 40. cxb5 Qxd5 41.
Be4 {The time trouble is over and White has managed to maintain his stability
while his a-pawn is very threatening.} Qd2 $2 {Leaving White with both passed
pawns alive is equivalent to suicide.} ({Mamedyarov probably discarded} 41...
Qxb5 {on account of Be4-c6, but winning the exchange would actually deprive
White from his perfect stability.} 42. g3 (42. Bc6 $2 {is actually playing
with fire:} Qb4 43. Bxd7 Rxd7 44. g3 b2 45. Rb1 h5 46. Qf3 Nd3 $36 {with
complete black domination.}) 42... Kh7 ({One of the problems with having the
rooks away from the bck rank is that} 42... Nd3 $2 {leads to mate:} 43. Rc8+
Kh7 44. Qg6+ fxg6 45. fxg6#) 43. Bc6 Qa6 44. gxf4 b2 45. Rb1 Rd2 $16 {Black
does not have enough compensation for the piece, but has reasonable saving
chances due to the exposed white king and strong b2-pawn.}) 42. a6 ({Since the
knight cannot move away,} 42. g3 {would win material for instance} b2 43. Rc8+
Kh7 44. Rg1 $18) 42... b2 43. Rb1 Qb4 44. Bc6 Rd3 45. Be3 $2 {Finally throwing
away the win.} (45. a7 $2 Rxa7 46. Bxa7 h5 $19 {traps the queen.}) (45. Re3 $1
$18 {would have prevented the game manoeuvre making the a-pawn unstoppable.})
45... Ra3 $44 46. a7 $6 {This makes Black's play simple as it absolves him
from the need of keeping an eye on the passed pawn.} (46. g3 $5 h5 47. Qf3 Nd3
48. Rf1 e4 49. Qxh5 Ra1 $13) 46... Rexa7 47. Bxa7 Rxa7 48. Qd1 Ra3 49. Be4 Qxb5
50. Qd2 Rb3 {Black has eliminated the passed pawns and retains two pawns for
the exchange. But he cannot claim a clear advantage yet before solving the
problem of his unstable knight.} 51. g3 Nh3 52. Bg2 Ng5 53. h4 Nf3 54. Bxf3
Rxf3 55. Rxb2 {Black has accomplished the aforementioned task, but lost the
b-pawn in the process. His play remains more pleasant, but possibly White
could hold his own.} Qa4 56. Re3 e4 57. Rb8+ (57. Rxf3 {should reach a draw
but the following line is not easy to calculate nor to evaluate.} exf3 {
[%cal Ga4e4]} 58. Rb4 Qa1+ 59. Kh2 Qf1 {Since the rook is dominated by the
bishop (b2) and the queen (c4) there seems to be no way of defending against ..
.f3-f2.} 60. Rb8+ $1 {The only way to return with the rook to the defence.} Kh7
61. Rc8 $1 f2 62. Rc1 Qc4 $1 {Otherwise Black would lose the pawn..} 63. Rxc4 (
{This leads to a simpler draw than} 63. Kg2 Qe4+ 64. Kh3 Qxf5+ 65. Kg2 Qe4+ 66.
Kh3 Bd4 67. Qf4 {when Black still has some practical chances.}) 63... f1=N+ 64.
Kh3 Nxd2 65. Rc7 Kg8 66. Rc8+ Kh7 67. Rf8 $11) 57... Kh7 58. Kg2 Qc6 $1 ({
More ambitious than} 58... Rxf5 59. Rb4 Qa1 60. Qe1 Qxe1 61. Rxe1 Bc3 62. Rexe4
$11 {with an obvious draw.}) 59. Rxf3 exf3+ 60. Kf2 $2 {The king will now land
in troubles.} (60. Kh3 $1 Qe4 61. Rb4 Qxf5+ 62. g4 f2 $1 63. gxf5 f1=Q+ 64. Qg2
Qxf5+ 65. Qg4 {The king has breathing space now and White's pieces are
coordinated. One drawing idea would be exchanging queens with Qe4+ while after}
Qd3+ 66. Qg3 Qd1 67. Qf4 {the threat Qf5 more or less forces Black into giving
a perpetual or allowing the exchange of queens.}) 60... Be7 61. Qd3 Bc5+ 62.
Kf1 Ba7 63. Rb1 Qc5 64. Ke1 $2 (64. f6+ {still offered some saving chances,
due to the weakness of the f7-square.} g6 65. Ke1 h5 (65... Qf2+ $6 66. Kd1 h5
67. Rb7 $1 $11) 66. Qxf3 Qg1+ 67. Qf1 Qxg3+ $17) 64... Qf2+ 65. Kd1 f6 $3 $19 {
Now White is just lost. He has no counterplay and can only follow how his
pawns are falling one after another.} 66. Rb3 Qg1+ 67. Kc2 Qg2+ 68. Kc3 (68.
Kc1 f2) 68... Qxg3 69. h5 Qe5+ 70. Kb4 Qf4+ 71. Kb5 f2 72. Rb1 Qg4 73. Ra1 Bd4
74. Rf1 Qg2 75. Kc4 Bb6 76. Kb5 Be3 77. Ka4 Bd2 78. Kb5 Be1 79. Kc5 Qg4 80. Kd6
Qxh5 81. Ke7 {Trying a desperate attack as the only alternative to watching
the h-pawn promoting.} Qh2 82. Qd8 Qh3 83. Qc8 Bb4+ 84. Ke8 Qh5+ 85. Kd8 Qe2
86. Qc1 Be1 0-1

[Event "Tata Steel-A 80th"]
[Site "Wijk aan Zee"]
[Date "2018.01.19"]
[Round "6"]
[White "Caruana, Fabiano"]
[Black "Matlakov, Maxim"]
[Result "1/2-1/2"]
[WhiteElo "2811"]
[BlackElo "2718"]
[PlyCount "75"]
[EventDate "2018.01.13"]
[EventType "tourn"]
[EventRounds "13"]
[EventCountry "NED"]
[EventCategory "20"]
[SourceTitle "CBM 183"]
[Source "ChessBase"]
[SourceDate "2018.03.14"]
[SourceVersion "1"]
[SourceVersionDate "2018.03.14"]
[SourceQuality "1"]
[TimeControl "40/6000+30:20/3000+30:900+30"]

1. e4 {[%emt 0:00:00]} e5 {[%emt 0:00:10]} 2. Nf3 {[%emt 0:00:00]} Nc6 {
[%emt 0:00:06]} 3. Bb5 {[%emt 0:00:00]} a6 {[%emt 0:00:16]} 4. Ba4 {[%emt 0:00:
00]} Nf6 {[%emt 0:00:13]} 5. O-O {[%emt 0:00:00]} Be7 {[%emt 0:00:11]} 6. Re1 {
[%emt 0:00:09]} b5 {[%emt 0:00:39]} 7. Bb3 {[%emt 0:00:06]} O-O {[%emt 0:00:19]
} 8. a4 {[%emt 0:00:11]} b4 {[%emt 0:00:29]} 9. d4 {[%emt 0:00:16]} d6 {
[%emt 0:00:12]} 10. dxe5 {[%emt 0:00:08]} Nxe5 {[%emt 0:00:25]} 11. Nxe5 {
[%emt 0:00:13]} dxe5 {[%emt 0:00:07]} 12. Qe2 {[%emt 0:00:17]} Bc5 {[%emt 0:02:
53]} 13. Be3 {[%emt 0:00:32]} Bd4 {[%emt 0:00:28]} 14. Bxd4 {[%emt 0:00:29]}
Qxd4 {[%emt 0:00:18]} 15. Rd1 {[%emt 0:00:25]} Bg4 {[%emt 0:15:20]} 16. Rxd4 {
[%emt 0:00:19]} Bxe2 {[%emt 0:02:00]} 17. Rd2 {[%emt 0:00:05]} Rfd8 {[%emt 0:
03:05]} 18. f3 {[%emt 0:00:57]} Rxd2 {[%emt 0:01:53]} 19. Nxd2 {[%emt 0:00:05]}
Rd8 {[%emt 0:00:09]} 20. Nc4 {[%emt 0:00:07]} Bxc4 {[%emt 0:00:44]} 21. Bxc4 {
[%emt 0:00:06]} a5 {[%emt 0:00:16]} 22. Rc1 {[%emt 0:00:25]} Kf8 {[%emt 0:28:
08]} 23. c3 {[%emt 0:00:41]} b3 {[%emt 0:05:06]} 24. Rb1 {[%emt 0:01:17]} Rb8 {
[%emt 0:16:21]} 25. Ra1 {[%emt 0:00:22]} Rd8 {[%emt 0:05:47]} 26. Ra3 {[%emt 0:
06:19]} Rd1+ {[%emt 0:01:58]} 27. Bf1 {[%emt 0:00:05]} Nd7 {[%emt 0:00:14]} 28.
Rxb3 {[%emt 0:00:11]} Nb6 {[%emt 0:00:56]} 29. Kf2 {[%emt 0:45:00]} Nxa4 {
[%emt 0:00:16]} 30. Rb8+ {[%emt 0:03:03]} Ke7 {[%emt 0:00:07]} 31. Rb5 {
[%emt 0:00:05]} Kd6 {[%emt 0:06:21]} 32. Be2 {[%emt 0:04:41]} Rd2 {[%emt 0:00:
57]} 33. Rxa5 {[%emt 0:00:07]} Nxb2 {[%emt 0:00:23]} 34. Ke3 {[%emt 0:00:34]}
Rc2 {[%emt 0:00:06]} 35. Rd5+ {[%emt 0:00:17]} Ke6 {[%emt 0:00:34]} 36. Rc5 {
[%emt 0:00:05]} Kd6 {[%emt 0:00:22]} 37. Rd5+ {[%emt 0:00:05]} Ke6 {[%emt 0:00:
03]} 38. Rc5 {[%emt 0:00:03]} 1/2-1/2

[Event "Tata Steel-A 80th"]
[Site "Wijk aan Zee"]
[Date "2018.01.19"]
[Round "6"]
[White "Giri, Anish"]
[Black "Anand, Viswanathan"]
[Result "1/2-1/2"]
[WhiteElo "2752"]
[BlackElo "2767"]
[PlyCount "39"]
[EventDate "2018.01.13"]
[EventType "tourn"]
[EventRounds "13"]
[EventCountry "NED"]
[EventCategory "20"]
[SourceTitle "CBM 183"]
[Source "ChessBase"]
[SourceDate "2018.03.14"]
[SourceVersion "1"]
[SourceVersionDate "2018.03.14"]
[SourceQuality "1"]
[TimeControl "40/6000+30:20/3000+30:900+30"]

1. d4 {[%emt 0:00:00]} Nf6 {[%emt 0:01:36]} 2. c4 {[%emt 0:00:00]} e6 {[%emt 0:
00:06]} 3. g3 {[%emt 0:00:00]} d5 {[%emt 0:01:19]} 4. Bg2 {[%emt 0:00:02]} dxc4
{[%emt 0:00:18]} 5. Qa4+ {[%emt 0:00:07]} Nbd7 {[%emt 0:03:21]} 6. Qxc4 {
[%emt 0:00:27]} a6 {[%emt 0:06:39]} 7. Qc2 {[%emt 0:02:01]} c5 {[%emt 0:00:40]}
8. Nf3 {[%emt 0:00:07]} b5 {[%emt 0:02:16]} 9. Ne5 {[%emt 0:00:21]} Nd5 {
[%emt 0:00:09]} 10. Nxd7 {[%emt 0:00:03]} Bxd7 {[%emt 0:00:28]} 11. Bxd5 {
[%emt 0:00:07]} exd5 {[%emt 0:00:06]} 12. dxc5 {[%emt 0:00:02]} Bc6 {[%emt 0:
01:14]} 13. O-O {[%emt 0:00:11]} d4 {[%emt 0:00:32]} 14. Bf4 {[%emt 0:01:13]}
Qd5 {[%emt 0:04:30]} 15. f3 {[%emt 0:00:11]} d3 {[%emt 0:00:27]} 16. exd3 {
[%emt 0:02:17]} Qxc5+ {[%emt 0:08:51]} 17. Qxc5 {[%emt 0:00:14]} Bxc5+ {
[%emt 0:00:07]} 18. Kg2 {[%emt 0:00:03]} Bd4 {[%emt 0:02:22]} 19. Nc3 {[%emt 0:
04:11]} Kd7 {[%emt 0:08:54]} 20. Rae1 {[%emt 0:07:48]} 1/2-1/2